|
|
|
|
| LEADER |
00000nab a2200000uu 4500 |
| 001 |
vtls011518687 |
| 003 |
SK-MaSNL |
| 005 |
20260303162737.0 |
| 008 |
230302|1925 xo |||||||||||||||||slo| |
| 015 |
|
|
|a SNBRB
|
| 035 |
|
|
|a (urnnbn)urn:nbn:sk:snk:ar-001z48
|
| 035 |
|
|
|a (uuid)0ea5bf8e-db61-4f9e-bfaf-a18c11b3d0c6
|
| 035 |
|
|
|a urn:nbn:sk:snk-abe7ko
|
| 040 |
|
|
|a SNKBUCL
|b slo
|c SNKBUCL
|e AACR2
|
| 041 |
0 |
|
|a slo
|
| 044 |
|
|
|a xo
|c SK
|
| 100 |
1 |
|
|a Kolísek, Alois,
|d 1868-1931
|4 aut
|9 94271
|
| 245 |
1 |
0 |
|a Zveľadenie slovenského mena umením
|c Alojz Kolísek
|
| 773 |
0 |
|
|t Slovenské pohľady
|g Roč. 41, č. 12 (1925), s. 759-762
|
| 958 |
|
|
|a OND
|
| 958 |
|
|
|a EUIPO
|
| 958 |
|
|
|a article21
|
| 999 |
|
|
|c 2056926
|d 2058856
|